000 00632nam a22002177a 4500
003 UA-OsUOA
001 62983
007 ta
008 20090915b un ||||| |||| 00| 0 ukr d
100 _aМафтин Н.
090 _a82
_bМ35
942 _cSA
040 _aUA-OsUOA
_bukr
_cUA-OsUOA
_dUA-OsUOA
245 _aГендерна утопія та "код самості" в західноукраїнській прозі 30-х рр. ХХ ст.
300 _aС.76-83
955 _a0
041 _aukr
080 _a82
773 0 _w62979
650 7 _a82 Література. Літературознавство
_2UDC
999 _c349073
_d349073